All the world in alphabetical order - Statistics

General Stats
  • This quiz has been taken 4 times
  • The average score is 113 of 247
Answers on the Map
Answers color-coded by a green-red scale on the quiz's map according to % correct below.
 
Answer Stats
Country % Correct
Afghanistan
100%
Andorra
100%
Angola
100%
Antigua and Barbuda
100%
Argentina
100%
Armenia
100%
Australia
100%
Austria
100%
Bahrain
100%
Barbados
100%
Bolivia
100%
Cambodia
100%
Canada
100%
Chad
100%
Chile
100%
China
100%
Colombia
100%
Denmark
100%
Dominica
100%
Dominican Republic
100%
Ecuador
100%
Eritrea
100%
Estonia
100%
Finland
100%
France
100%
Gambia
100%
Ghana
100%
Guinea
100%
Haiti
100%
Hungary
100%
Iceland
100%
Iran
100%
Iraq
100%
Ireland
100%
Jamaica
100%
Jordan
100%
Kenya
100%
Kosovo
100%
Kuwait
100%
Albania
67%
Algeria
67%
Aruba
67%
Bahamas
67%
Belarus
67%
Belgium
67%
Belize
67%
Benin
67%
Bosnia and Herzegovina
67%
Botswana
67%
Brazil
67%
Brunei
67%
Bulgaria
67%
Burundi
67%
Cameroon
67%
Cape Verde
67%
Central African Republic
67%
Comoros
67%
Costa Rica
67%
Croatia
67%
Cuba
67%
Curaçao
67%
Czech Republic
67%
Democratic Republic of the Congo
67%
East Timor
67%
Egypt
67%
Eswatini
67%
Ethiopia
67%
Fiji
67%
Gabon
67%
Germany
67%
Greenland
67%
Guatemala
67%
Guinea-Bissau
67%
Guyana
67%
Honduras
67%
Hong Kong
67%
India
67%
Indonesia
67%
Italy
67%
Japan
67%
Kazakhstan
67%
Laos
67%
Latvia
67%
Lesotho
67%
Liberia
67%
Madagascar
67%
Malta
67%
Mexico
67%
Montenegro
67%
Morocco
67%
Myanmar
67%
Nepal
67%
Norway
67%
Oman
67%
Panama
67%
Peru
67%
Poland
67%
Portugal
67%
Qatar
67%
South Africa
67%
South Korea
67%
Sudan
67%
Sweden
67%
Switzerland
67%
Tanzania
67%
Togo
67%
Tunisia
67%
Turkey
67%
Uganda
67%
Ukraine
67%
United Kingdom
67%
United States
67%
Venezuela
67%
Yemen
67%
Zambia
67%
Zimbabwe
67%
American Samoa
33%
Anguilla
33%
Azerbaijan
33%
Bangladesh
33%
Bermuda
33%
Bhutan
33%
British Virgin Islands
33%
Burkina Faso
33%
Cyprus
33%
Djibouti
33%
El Salvador
33%
Equatorial Guinea
33%
Falkland Islands
33%
Faroe Islands
33%
Federated States of Micronesia
33%
French Polynesia
33%
Georgia
33%
Gibraltar
33%
Greece
33%
Grenada
33%
Guernsey
33%
Israel
33%
Ivory Coast
33%
Jersey
33%
Kiribati
33%
Kyrgyzstan
33%
Lebanon
33%
Libya
33%
Lithuania
33%
Malawi
33%
Malaysia
33%
Mali
33%
Moldova
33%
Mongolia
33%
Mozambique
33%
Namibia
33%
Nauru
33%
Netherlands
33%
New Zealand
33%
Nicaragua
33%
Niger
33%
Nigeria
33%
North Korea
33%
Pakistan
33%
Palau
33%
Paraguay
33%
Philippines
33%
Russia
33%
Rwanda
33%
Senegal
33%
Seychelles
33%
Singapore
33%
Slovakia
33%
Slovenia
33%
Somalia
33%
South Sudan
33%
Spain
33%
Suriname
33%
Thailand
33%
Tonga
33%
Trinidad and Tobago
33%
Turkmenistan
33%
Tuvalu
33%
United Arab Emirates
33%
Uruguay
33%
Uzbekistan
33%
Vanuatu
33%
Vatican City
33%
Vietnam
33%
Abkhazia
0%
Caribbean Netherlands
0%
Cayman Islands
0%
Christmas Island
0%
Cocos (Keeling) Islands
0%
Cook Islands
0%
French Guiana
0%
Guadeloupe
0%
Guam
0%
Isle of Man
0%
Liechtenstein
0%
Luxembourg
0%
Macau
0%
Maldives
0%
Marshall Islands
0%
Martinique
0%
Mauritania
0%
Mauritius
0%
Mayotte
0%
Monaco
0%
Montserrat
0%
New Caledonia
0%
Niue
0%
Norfolk Island
0%
Northern Cyprus
0%
Northern Mariana Islands
0%
North Macedonia
0%
Palestine
0%
Papua New Guinea
0%
Pitcairn Islands
0%
Puerto Rico
0%
Republic of the Congo
0%
Réunion
0%
Romania
0%
Saint Barthélemy
0%
Saint Helena, Ascension, and Tristan da Cunha
0%
Saint Kitts and Nevis
0%
Saint Lucia
0%
Saint Martin
0%
Saint Pierre and Miquelon
0%
Saint Vincent and the Grenadines
0%
Samoa
0%
San Marino
0%
São Tomé and Príncipe
0%
Saudi Arabia
0%
Serbia
0%
Sierra Leone
0%
Sint Maarten
0%
Solomon Islands
0%
Somaliland
0%
South Ossetia
0%
Sri Lanka
0%
Svalbard and Jan Mayen
0%
Syria
0%
Taiwan
0%
Tajikistan
0%
Tokelau
0%
Transnistria
0%
Turks and Caicos Islands
0%
U.S. Virgin Islands
0%
Wallis and Futuna
0%
Western Sahara
0%
No matching quizzes found
Score Distribution
Percent of People with Each Score
Percentile by Number Answered
Your Score History
You have not taken this quiz